| 000 | 01136nam a22004090a 4500 | ||
|---|---|---|---|
| 001 | PT58335 | ||
| 003 | AR-LpoUNG | ||
| 005 | 20210131231851.0 | ||
| 008 | 191001s2006||||ag |||||||||||||||||spa d | ||
| 020 |
_a9500516659 _c$8 |
||
| 040 |
_aAR-LpoUNG _bspa _cAR-LpoUNG _eaacr |
||
| 041 | _aspa | ||
| 044 | _aag | ||
| 082 | 0 | _a334.01 41mas | |
| 100 | 1 | _aElgue, Mario César | |
| 245 | 1 | 0 |
_aMás allá de "lo económico" y "lo social" : _bla economía social en un proyecto nacional de desarrollo integrado |
| 250 | _a1ra. ed. | ||
| 260 |
_aBuenos Aires : _bCorregidor, _c2006. |
||
| 300 |
_a285 p. : _bfot. |
||
| 650 | 4 | _aANALISIS HISTORICO | |
| 650 | 4 | _aANALISIS SOCIOLOGICO | |
| 650 | 4 | _aARGENTINA | |
| 650 | 4 | _aASPECTOS POLITICOS | |
| 650 | 4 | _aCOLECTIVISMO | |
| 650 | 4 | _aDESARROLLO ECONOMICO Y SOCIAL | |
| 650 | 4 | _aEMPRESARIOS | |
| 650 | 4 | _aIDEOLOGIAS | |
| 650 | 4 | _aMOVIMIENTOS COOPERATIVOS | |
| 650 | 4 | _aMOVIMIENTOS SOCIALES | |
| 650 | 4 | _aPROTECCIONISMO | |
| 651 | 4 | _aArgentina | |
| 653 | _aECONOMIA SOCIAL | ||
| 653 | _aECONOMIA SOLIDARIA | ||
| 653 | _aPERONISMO | ||
| 905 | _a58335 | ||
| 942 | _cLIB | ||
| 999 |
_c12311 _d12311 |
||